Mulla the registration act / (Record no. 103051)

MARC details
000 -LEADER
fixed length control field 00661nam a22002057a 4500
005 - DATE AND TIME OF LATEST TRANSACTION
control field 20161006150352.0
010 ## - LCCN (DPL NO)
LC control number ENG-115947
020 ## - INTERNATIONAL STANDARD BOOK NUMBER
International Standard Book Number 9789350356692
Terms of availability 1350.00
035 ## - SYSTEM CONTROL NUMBER
System control number EN-99479
037 ## - SOURCE OF ACQUISITION
Source of stock number/acquisition DBAD/PUB
082 ## - DEWEY DECIMAL CLASSIFICATION NUMBER
Classification number 346.540438
100 ## - MAIN ENTRY--PERSONAL NAME
Personal name Mulla, Dinshaw Fardunji
245 ## - TITLE STATEMENT
Title Mulla the registration act /
Statement of responsibility, etc by Dinshaw Fardunji Mulla
250 ## - EDITION STATEMENT
Edition statement 13th ed by K.Kannan
260 ## - PUBLICATION, DISTRIBUTION, ETC. (IMPRINT)
Place of publication, distribution, etc Gurgaon
Name of publisher, distributor, etc LexisNexis
Date of publication, distribution, etc 2016
270 ## - ADDRESS
Address 14th Floor, Building No.10, Tower-B, DLF Cyber City, Phase-II
City Gurgaon (Haryana)
Postal code 122002
300 ## - PHYSICAL DESCRIPTION
Extent civ,918p.
Dimensions 24cm(Hb)
500 ## - GENERAL NOTE
General note Includes index
942 ## - ADDED ENTRY ELEMENTS (KOHA)
Source of classification or shelving scheme Dewey Decimal Classification
Item type English Books
Call number suffix MUL
Classification part 346.540438
Holdings
Withdrawn status Lost status Not for loan Collection code Home library Current library Date acquired Source of acquisition Cost, normal purchase price Full call number Barcode Copy number Cost, replacement price Koha item type
    Not For Loan Non-fiction D.B.Act.Division Bawana 07/09/2016 DBAD/PUB 1350.00 346.540438 MUL EN-99479 1 1350.00 English Books

© Delhi Public Library
Hit Counter
free hit counter